Normal view
MARC view
- Simons, N.W
Entry Personal Name
001 - CONTROL NUMBER
- control field: 45413
003 - CONTROL NUMBER IDENTIFIER
- control field: NUST
005 - DATE AND TIME OF LATEST TRANSACTION
- control field: 20210314133235.0
008 - FIXED-LENGTH DATA ELEMENTS
- fixed length control field: 210314|| aca||aabn | a|a d
040 ## - CATALOGING SOURCE
- Original cataloging agency: NUST
- Transcribing agency: NUST
100 ## - HEADING--PERSONAL NAME
- Personal name: Simons, N.W
670 ## - SOURCE DATA FOUND
- Source citation: Work cat.: (NUST): Simons, N.W, Sound in building A guide to part E of the building regulations, 2004
